000 00754nam a22002531 4500
999 _c7487
_d7487
001 7487
003 BD-JhCC
005 20180211100639.0
008 850515s1965 mdua b 000 0 eng
035 _a(BD-JhCC)7487
040 _aDLC/ICU
_cICU
_dDLC
_dBD-JhCC
041 _aeng
050 0 0 _aQH237
_b.G865
082 0 0 _a578.64
_bGUR 1965
100 1 _aGurr, Edward.
245 1 4 _aThe rational use of dyes in biology and general staining methods.
_cEdward Gurr, Foreword by M.A. MacConaill.
260 _aBaltimore,
_bWilliams and Wilkins,
_c1965.
300 _axii, 422 p.
_billus.
_c25 cm.
504 _aBibliography: p. 375-387.
650 0 _aStains and staining (Microscopy)
700 _aMacConaill, M.A.
942 _2ddc
_cBK